Philosophers by Pictures - Statistics

General Stats
  • This quiz has been taken 252 times
  • The average score is 11 of 20
Answer Stats
Picture Answer % Correct
Friedrich Nietzsche
93%
Karl Marx
92%
Sigmund Freud
81%
René Descartes
80%
Albert Camus
66%
Georg Wilhelm Friedrich Hegel
62%
Immanuel Kant
61%
John Locke
61%
Jean-Paul Sartre
60%
Arthur Schopenhauer
58%
Jean-Jacques Rousseau
54%
David Hume
52%
Baruch Spinoza
47%
Voltaire
46%
Ludwig Wittgenstein
40%
Ayn Rand
31%
Bertrand Russell
31%
Karol Wojtyła
24%
Blaise Pascal
19%
Edmund Husserl
17%
No matching quizzes found
Score Distribution
Percent of People with Each Score
Percentile by Number Answered
Your Score History
You have not taken this quiz